00762cam a22002297a 4500003000500000005001700005008004100022010001000063011001000073020001800083035001000101040000900111082001500120100001900135245011100154260007600265300002000341490005900361650002400420650002900444830005900473CHAP20220817043526.0990413d1995 mx a r 00110 spa d a77478 a78450 a0 521 45089 6 a88393 cCHAP04a581.15bW300aWang, Kaneed.10aTransformation of plants and soil microorganismsb/by Kan Wang, Alfredo Herrera-Estrella, Marc Van Montagu aCambridge :bThe Press Syndicate of the University of Cambridge,c1995. a176 p. :bilus. 0aPlant and microbial biotechnology research seriesv; 314aGenética vegetal.14aSuelosxMicrobiología.00aPlant and microbial biotechnology research seriesv; 3